§ 30 Strafrecht und Strafprozess

Gespeichert in:  
Bibliographische Detailangaben
1. VerfasserIn: Eisele, Jörg 1969- (Verfasst von)
Medienart: Druck Aufsatz
Sprache:Deutsch
Veröffentlicht: 2002
In: Handbuch Mediation
Jahr: 2002, Seiten: 792-823
Verfügbarkeit prüfen: HBZ Gateway
Schlagwörter:

MARC

LEADER 00000caa a22000002c 4500
001 1525803980
003 DE-627
005 20220604104552.0
007 tu
008 160223s2002 xx ||||| 00| ||ger c
020 |a 9783406573989 
035 |a (DE-627)1525803980 
035 |a (DE-576)455803986 
035 |a (DE-599)BSZ455803986 
040 |a DE-627  |b ger  |c DE-627  |e rakwb 
041 |a ger 
100 1 |a Eisele, Jörg  |d 1969-  |0 (DE-588)129023396  |0 (DE-627)38777663X  |0 (DE-576)173925545  |4 aut 
109 |a Eisele, Jörg 1969- 
245 1 0 |a § 30 Strafrecht und Strafprozess  |c Jörg Eisele 
264 1 |c 2002 
336 |a Text  |b txt  |2 rdacontent 
337 |a ohne Hilfsmittel zu benutzen  |b n  |2 rdamedia 
338 |a Band  |b nc  |2 rdacarrier 
773 0 8 |i In  |t Handbuch Mediation  |b 2. Aufl.  |d München : Beck, 2009  |g (2002), Seite 792-823  |h XXIII, 1350 S.  |w (DE-627)562974113  |w (DE-576)279602618  |z 9783406573989  |7 nnam 
773 1 8 |g year:2002  |g pages:792-823 
935 |a mkri 
951 |a AR 
ELC |b 1 
LOK |0 000 xxxxxcx a22 zn 4500 
LOK |0 001 2899255916 
LOK |0 003 DE-627 
LOK |0 004 1525803980 
LOK |0 005 20260119154047 
LOK |0 008 160208||||||||||||||||ger||||||| 
LOK |0 040   |a DE-21-110  |c DE-627  |d DE-21-110 
LOK |0 689   |a s  |a Mediation 
LOK |0 689   |a s  |a Strafprozess 
LOK |0 689   |a s  |a Strafrecht 
LOK |0 852   |a DE-21-110 
LOK |0 852 1  |m p  |9 00 
LOK |0 935   |a k110 
LOK |0 938   |k p 
LOK |0 939   |a 08-02-16  |b l01 
ORI |a SA-MARC-krimdoka001.raw